01080 2200349 4500001002100000005001500021035002000036007000300056008004100059020002200100040002200122082001200144084001400156090001800170090002200188090001700210100003400227245010000261250001800361300006300379700002500442700004100467850001200508264003500520336002100555337003000576338002300606650003700629999002200666990002200688990002000710INLIS00000000084581620200629060531 a0010-0419000675ta190411s2015 yoia g ind d a978-602-7981-75-1 aYOPDYOGbinderda04223a910 a910 HER g aDEP 910 HER g aCB-D.11 2015-2822 aPK 910 HER g0 aHeru Pramono,d1950-epenulis10aGeografi pariwisata /cpenulis, Heru Pramono, Arif Ashari; penyunting bahasa, Esti Swatika Sari aEdisi pertama avii,184 halaman :bilustrasi, grafik, tabel, peta ;c21 cm0 aArif Ashariepenulis0 aEsti Swatika Sariepenyunting bahasa aYOPDYOG31aYogyakarta :bUNY Press,c2015 2rdacontentateks 2rdamediaatanpa perantara 2rdacarrieravolume aIndustri pariwisata--zIndonesia aCB-D.11/2015-2822 aCB-D.11/2015-2822 a63338-PD/A.2019